| 000 | 00000nas##2200000za#4500 |
| 001 | 9.514611 |
| 003 | CaOODSP |
| 005 | 20200325130045 |
| 007 | ta |
| 008 | 150406c1996||||xxc|| m #||||f| |0eng|d |
| 040 | |aCaOODSP|beng |
| 043 | |an-cn--- |
| 086 | 1 |aF21-4E |
| 110 | 1 |aCanada. |bDepartment of Finance. |
| 245 | 10|aWorking paper / |cIssued by the Technical Committee on Business Taxation. |
| 260 | |aOttawa - Ontario : |bFinance Canada |
| 500 | |a"Working papers are circulated to make analytic work prepared for the Technical Committee on Business Taxation available. They have received only limited evaluation; views expressed are those of the authors and do not necessarily reflect the views of the Technical Committee."--Cover. |
| 520 | 3 |aWorking papers are circulated to make analytic work prepared for the Technical Committee on Business Taxation available. They have received only limited evaluation; views expressed are those of the authors and do not necessarily reflect the views of the Technical Committee.--Cover |
| 563 | |aSoftcover |
| 775 | 08|tDocument de travail / |w(CaOODSP)9.513002 |
| 776 | 0#|tWorking paper / |w(CaOODSP)9.506727 |